Formación de jueces (Registro nro. 4782)
[ vista simple ]
| 000 -LEADER | |
|---|---|
| fixed length control field | 01740 a2200241 4500 |
| 001 - CONTROL NUMBER | |
| control field | 49203 |
| 005 - DATE AND TIME OF LATEST TRANSACTION | |
| control field | 20260407155755.0 |
| 008 - FIXED-LENGTH DATA ELEMENTS--GENERAL INFORMATION | |
| fixed length control field | 260407a2019 arg spa d |
| 003 - CONTROL NUMBER IDENTIFIER | |
| control field | AR-UNSa-BCEJYS |
| 040 ## - CATALOGING SOURCE | |
| Original cataloging agency | AR-UNSa-BCEJYS |
| Language of cataloging | spa |
| Transcribing agency | AR-UNSa-BCEJYS |
| 080 ## - UNIVERSAL DECIMAL CLASSIFICATION NUMBER | |
| Universal Decimal Classification number | 347.962 |
| Common auxiliary subdivision | Magistrados. Magistratura. Jueces |
| 020 ## - INTERNATIONAL STANDARD BOOK NUMBER | |
| International Standard Book Number | 978-950-23-2915-4 |
| 041 ## - LANGUAGE CODE | |
| Language code of text/sound track or separate title | spa |
| 100 1# - MAIN ENTRY--PERSONAL NAME | |
| Personal name | Cardinaux, Nancy |
| 245 10 - TITLE STATEMENT | |
| Title | Formación de jueces |
| Name of part/section of a work | su adecuación a un modelo de sociedad igualitaria |
| 264 #1 - PRODUCTION, PUBLICATION, DISTRIBUTION, MANUFACTURE, AND COPYRIGHT NOTICE | |
| Place of production, publication, distribution, manufacture | Buenos Aires : |
| Name of producer, publisher, distributor, manufacturer | Universidad de Buenos Aires. Facultad de Derecho. Departamento de Publicaciones |
| Date of production, publication, distribution, manufacture, or copyright notice | 2019 |
| 300 ## - PHYSICAL DESCRIPTION | |
| Extent | 254 p. |
| Dimensions | 23 cm. |
| 505 ## - FORMATTED CONTENTS NOTE | |
| Formatted contents note | 1. La concepción normativa de "idoneidad judicial" en el marco de los estados constitucionales de derecho - 2. La formación de jueces de la Escuela Judicial Nacional: ¿modelos de idoneidad para (des) armar? - 3. Las escuelas judiciales provinciales en el camino hacia la igualdad: una mirada al caso de la provincia de La Pampa - 4. La introducción de la perspectiva de género en la formación de jueces y juezas - 5. La educación por competencias: definiciones y alcances de su aplicación en la formación judicial - 6. Igualdad y dogmática jurídica - 7. La igualdad "reformada": La igualdad "des-enmarcada" - 8. Los problemas de interpretar las normas penales en contextos de desigualdad. No ver ningún mal, no escuchar sobre ningún mal, no hablar sobre ningún mal - 9. Los efectos de la desigualdad en perspectiva sociológica. Modelos para pensar las demandas de igualdad. |
| 590 ## - LOCAL NOTE (RLIN) | |
| Local note | niveau_biblio:m niveau_hierar:0 |
| 700 1# - ADDED ENTRY--PERSONAL NAME | |
| Personal name | Clérico, María Laura |
| 856 41 - ELECTRONIC LOCATION AND ACCESS | |
| Uniform Resource Identifier | <a href="https://www.biblioeco.unsa.edu.ar/pmb/images/libros/L127907.jpg">https://www.biblioeco.unsa.edu.ar/pmb/images/libros/L127907.jpg</a> |
| Link text | Imagen de portada |
| Electronic format type | image/jpeg |
| 942 ## - ADDED ENTRY ELEMENTS (KOHA) | |
| Koha item type | |
| Withdrawn status | Lost status | Damaged status | Not for loan | Home library | Current library | Shelving location | Date acquired | Total checkouts | Full call number | Barcode | Date last seen | Price effective from | Koha item type |
|---|---|---|---|---|---|---|---|---|---|---|---|---|---|
| Biblioteca Prof. Eusebio Cleto del Rey | Biblioteca Prof. Eusebio Cleto del Rey | 07/04/2026 | 347.962 C267 | L127907 | 07/04/2026 | 07/04/2026 | Libro |